000 00770nam a2200241Ia 4500
003 OSt
005 20260421141503.0
008 220923b |||||||| |||| 00| 0 eng d
020 _a0333594444
037 _cGeneral Book
040 _aRTL
_cRTL
_beng
041 _2eng
_aeng
084 _aY:49(Q).248.N9, N4
_qRTL
100 _aJeffrey Robin
_914396
245 0 _aWhat's happening to India: Punjab ethnic conflict, and the test for federalism
_b
250 _a2
260 _aLondon
_bMacmillan
_c1994
300 _a li, 252 p.
_bIncludes bibliographical references and index
500 _aBibliography: P 237-42
650 _aCommunalism
942 _hY:49(Q).248.N9, N4
_cGB
_2CC
999 _c572165
_d572165